000
00233 a2200097 4500
001
24721
100
_a
Pankhurst, R C
245
_a
Dimensional Analysis and Scale Factors.
260
_a
_b
Chapman & Hall
_c
1964
090
_c
16693
_d
16693
942
_a
NUST-CAE
_c
M
_c
7439
999
_c
259794
_d
259794